|
|
|
|
| LEADER |
00000nam a2200000 i 4500 |
| 001 |
DIGEPUJ0433 |
| 003 |
NyNyDIG |
| 007 |
cr ||||||||||| |
| 008 |
240112s2023 ck ab ob 000 0 spa d |
| 006 |
m o d |
| 035 |
|
|
|a (OCoLC)1415897114
|
| 040 |
|
|
|a DGITA
|b eng
|e rda
|e pn
|c DGITA
|
| 020 |
|
|
|a 9789587818154
|q (digital)
|
| 020 |
|
|
|z 9789587818147
|q (impreso)
|
| 024 |
7 |
|
|a 10.11144/Javeriana.9789587818154
|2 doi
|
| 043 |
|
|
|a s-ck---
|
| 050 |
1 |
4 |
|a QH121 ebook
|
| 100 |
1 |
|
|a Ramírez G., Alberto
|q (Ramírez González),
|e author.
|
| 245 |
1 |
0 |
|a Ecología integral :
|b una mirada sistémica de cara a la problemática ambiental actual /
|c Alberto Ramírez González.
|
| 250 |
|
|
|a Primera edición.
|
| 264 |
|
1 |
|a Bogotá, D.C. :
|b Editorial Pontificia Universidad Javeriana,
|c [2023]
|
| 300 |
|
|
|a 1 online resource :
|b illustrations, maps.
|
| 336 |
|
|
|a text
|b txt
|2 rdacontent
|
| 337 |
|
|
|a computer
|b c
|2 rdamedia
|
| 338 |
|
|
|a online resource
|b cr
|2 rdacarrier
|
| 347 |
|
|
|a text file
|2 rdaft
|
| 347 |
|
|
|b EPUB
|
| 504 |
|
|
|a Includes bibliographical references.
|
| 588 |
0 |
|
|a Online resource; title from ePub title page (Digitalia, viewed January 12, 2024)
|
| 650 |
|
0 |
|a Ecology
|z Colombia.
|
| 650 |
|
0 |
|a Environmental sciences
|z Colombia.
|
| 791 |
2 |
|
|a Digitalia (Firm),
|e distributor.
|
| 793 |
0 |
|
|g Digitalia eBook Collection:
|a Pontificia Universidad Javeriana
|
| 776 |
0 |
8 |
|i Print version:
|a Ramírez G., Alberto (Ramírez González).
|t Ecología integral.
|b Primera edición.
|d Bogotá, D.C. : Editorial Pontificia Universidad Javeriana, [2023]
|z 9789587818147
|
| 856 |
4 |
0 |
|3 Digitalia Hispánica
|u https://www.digitaliapublishing.com/a/133213/
|
| 910 |
|
|
|a Premium collection: 2024
|